00898nam a22001937a 4500020001800000040000900018082001600027100002800043245005700071250001600128260004600144650006300190942001200253999001900265952010500284952010500389952010500494952010500599 a9781259062735 cNUST a621.382 MIS aMisra, Iti Saha 957870 aWireless Communications and Networks:b3G and Beyond a2nd Edition aNew Dehli:bMcGraw Hill Education,c2015. aWireless Communications and Networks 3G and Beyond9113047 2ddccBK c594929d594929 00102ddc4070aCEMEbCEMEcGENd2023-06-07l0o621.382 MISpCEME-48868r2023-06-07w2023-06-07yBK 00102ddc4070aCEMEbCEMEcGENd2023-06-07l0o621.382 MISpCEME-48869r2023-06-07w2023-06-07yBK 00102ddc4070aCEMEbCEMEcGENd2023-06-07l0o621.382 MISpCEME-48870r2023-06-07w2023-06-07yBK 00102ddc4070aCEMEbCEMEcGENd2023-06-07l0o621.382 MISpCEME-48871r2023-06-07w2023-06-07yBK